<La> législation des eaux souterraines dans la région de la CEE Rapport établi sous les auspices du Comité des problémes de l'eau CEE

Na minha lista:
Detalhes bibliográficos
Formato: Livro
Idioma:francês
Publicado em: New York Nations Unies 1987
Edição:1. éd.
Tags: Adicionar Tag
Sem tags, seja o primeiro a adicionar uma tag!

MARC

LEADER 00000nam a2200000 4500
001 c034156
005 20221219131648.3
041 0 |a fre 
044 |a US 
245 1 0 |a <La> législation des eaux souterraines dans la région de la CEE  |b Rapport établi sous les auspices du Comité des problémes de l'eau CEE 
250 |a 1. éd. 
264 1 |a New York  |b Nations Unies  |c 1987 
300 |a 88 s.